000 01085nam a2200337 c 4500
001 54005
003 ES-MaCES
005 20251203111217.0
008 251202s2025 sp t 000 | spa d
017 _aM 16484-2025
_bDL
020 _a9788430992812
040 _aES-MaCES
_bspa
_cES-MaCES
245 0 0 _aLecciones de Seguridad Social
_cJuan Gorelli Hernández ... [et al.]
250 _a15ª ed
260 _aMadrid
_bTecnos
_c2025
300 _a555 p.
_c24 cm
541 _cCompra
650 4 _aseguridad social
_927034
650 4 _aprotección social
_929076
650 4 _arégimen universal de prestaciones
_930153
650 4 _aregímenes especiales de Seguridad Social
_931067
650 4 _alegislación de seguridad social
_929855
650 4 _aderecho jurisprudencial
_929863
650 4 _aEspaña
_926964
650 4 _arégimen jurídico
_929894
653 1 0 _aDerecho del trabajo y Seguridad Social
700 1 _aGorelli Hernández, Juan
_913963
775 0 _tLecciones de Seguridad
_w(ES-MaCES)24706
902 _aLIB Libro
942 _2CES
_cBK
_h6.0.1.
999 _c54005
_d54005